00654 2200205 4500001002100000005001700021008004100038035002400079040001200103082001500115084002000130245010900150260004700259300003100306500002300337504003000360650002800390850001200418990001800430INLIS00000000002348420161024141104.0  0010-101600000000436 aYOPDYOG 223a200.19 aSK 200.19 Ted M aMENCARI Model penanganan trauma anak-anak korban bencana alam berbasis masjidc/ Tedjo Suryanto [et.all] aYogyakartabUniversitas Islam Negeric2007 aiii, 120 lembarc; 29,5 cm aLaporan Penelitian aBibliografi: hlm. 119-120 aAgama - Aspek Psikologi aYOPDYOG a44982-PD/A.12